Catálogo
 En Linea

La vejez a debate : (Registro nro. 41431)

Detalles MARC
000 -CABECERA
campo de control de longitud fija 00691nam a2200193 a 4500
001 - NÚMERO DE CONTROL
campo de control 000041942
005 - FECHA Y HORA DE LA ÚLTIMA TRANSACCIÓN
campo de control 20201002035838.0
008 - DATOS DE LONGITUD FIJA--INFORMACIÓN GENERAL
campo de control de longitud fija 131023s1995 sp 000 0 spa d
020 ## - NÚMERO INTERNACIONAL ESTÁNDAR DEL LIBRO
Número Internacional Estándar del Libro 8400075277
040 ## - FUENTE DE LA CATALOGACIÓN
Centro catalogador/agencia de origen DO-SdBNP
Lengua de catalogación spa
Centro/agencia transcriptor BNPHU
082 ## - NÚMERO DE LA CLASIFICACIÓN DECIMAL DEWEY
Número de clasificación xxx
Número de documento/Ítem A772v
100 1# - ENTRADA PRINCIPAL--NOMBRE DE PERSONA
Nombre de persona Arquiola, Elvira
9 (RLIN) 67714
245 13 - MENCIÓN DE TÍTULO
Título La vejez a debate :
Resto del título análisis histórico de la situación socio-sanitaria de la vejez en la actualidad /
Mención de responsabilidad, etc. Elvira Arquiola.
260 ## - PUBLICACIÓN, DISTRIBUCIÓN, ETC.
Lugar de publicación, distribución, etc. Madrid :
Nombre del editor, distribuidor, etc. Consejo Superior de Investigaciones Científicas,
Fecha de publicación, distribución, etc. 1995.
300 ## - DESCRIPCIÓN FÍSICA
Extensión xx, 236 p. ;
Dimensiones 22 cm.
490 1# - MENCIÓN DE SERIE
Mención de serie Estudios sobre la ciencia
Designación de volumen o secuencia 22
504 ## - NOTA DE BIBLIOGRAFÍA, ETC.
Nota de bibliografía, etc. Bibliografía: p. 225-236
830 #0 - PUNTO DE ACCESO ADICIONAL DE SERIE-TÍTULO UNIFORME
Título uniforme Estudios sobre la ciencia
Número de parte o sección de la obra 22
9 (RLIN) 68856
Existencias
Estado de retiro Estado de pérdida Restricciones de uso No para préstamo Código de colección Localización permanente Ubicación/localización actual Ubicación en estantería Fecha de adquisición Número de inventario Total de préstamos Signatura topográfica completa Código de barras Fecha visto por última vez Precio válido a partir de Tipo de ítem Koha
      Excluido de préstamo Monografías: Libros y Folletos General General En catalogación 23.10.2013 LF1   xxx A772v 41942-10 25.06.2020 25.06.2020 No se presta

Con tecnología Koha